| 000 | 00550nam a22001457a 4500 | ||
|---|---|---|---|
| 008 | 160513b xxu||||| |||| 00| 0 eng d | ||
| 020 | _a9711201011 | ||
| 082 |
_21985 _aDFil 808.042 _bR57 |
||
| 100 |
_98181 _aRobles, Felicidad C. |
||
| 245 |
_aDeveloping English proficiency in college: _bbook 2 instructional material for English 2 intermediate communication skills/ _cby Felicidad C. Robles. |
||
| 260 |
_aManila: _bGoodwill Trading, _cc1985. |
||
| 300 |
_axxiv, 280 pages; _c25 cm. |
||
| 650 | 0 |
_98182 _aEnglish language _xGrammar |
|
| 942 |
_2ddc _cDFIL |
||
| 999 |
_c2474 _d2474 |
||